ՀՀ Գիտությունների ազգային ակադեմիայի հիմնարար գիտական գրադարան  =   Fundamental Scientific Library of NAS RA

Տնտեսագիտության տեսություն : (Record no. 395757)

MARC details
000 -LEADER
fixed length control field 01197nam a2200253 a 4500
003 - CONTROL NUMBER IDENTIFIER
control field AM-YeHGA
005 - DATE AND TIME OF LATEST TRANSACTION
control field 20250617153649.0
007 - PHYSICAL DESCRIPTION FIXED FIELD--GENERAL INFORMATION
fixed length control field ta
008 - FIXED-LENGTH DATA ELEMENTS--GENERAL INFORMATION
fixed length control field 170912s2017 ai df||frf||||001|0|arm||
020 ## - INTERNATIONAL STANDARD BOOK NUMBER
International Standard Book Number 9785808421929
040 ## - CATALOGING SOURCE
Original cataloging agency AM-YeHGA
041 0# - LANGUAGE CODE
Language code of text/sound track or separate title arm
090 ## - LOCALLY ASSIGNED LC-TYPE CALL NUMBER (OCLC); LOCAL CALL NUMBER (RLIN)
-- 397808
100 1# - MAIN ENTRY--PERSONAL NAME
Personal name Սարգսյան, Հ.Լ.
245 10 - TITLE STATEMENT
Title Տնտեսագիտության տեսություն :
Remainder of title Ուսումնական ձեռնարկ /
Statement of responsibility, etc. Հ.Լ. Սարգսյան, Հ.Գ. Մարգարյան ; Երևանի պետական համալսարան, Տնտեսագիտության և կառավարման ֆակուլտետ.
260 ## - PUBLICATION, DISTRIBUTION, ETC.
Place of publication, distribution, etc. Երևան :
Name of publisher, distributor, etc. ԵՊՀ հրատարակչություն,
Date of publication, distribution, etc. 2017.
300 ## - PHYSICAL DESCRIPTION
Extent 318 էջ :
Other physical details գծանկար, աղյուսակ ;
Dimensions 21 սմ.
504 ## - BIBLIOGRAPHY, ETC. NOTE
Bibliography, etc. note Օգտագործված գրականության ցանկ՝ էջ 317-318:
504 ## - BIBLIOGRAPHY, ETC. NOTE
Bibliography, etc. note Հավելված՝ էջ 289-316:
650 14 - SUBJECT ADDED ENTRY--TOPICAL TERM
Topical term or geographic name entry element Տնտեսագիտություն
Form subdivision Ուսումնական ձեռնարկներ
700 1# - ADDED ENTRY--PERSONAL NAME
Personal name Մարգարյան, Հ.Գ.
710 2# - ADDED ENTRY--CORPORATE NAME
Corporate name or jurisdiction name as entry element Երևանի պետական համալսարան :
Subordinate unit Տնտեսագիտության և կառավարման ֆակուլտետ
942 ## - ADDED ENTRY ELEMENTS (KOHA)
Source of classification or shelving scheme Universal Decimal Classification
Koha item type Գրքեր / Books
Holdings
Withdrawn status Lost status Source of classification or shelving scheme Damaged status Not for loan Collection Home library Current library Date acquired Total checkouts Full call number Barcode Date last seen Price effective from Koha item type Public note
    Universal Decimal Classification     General Fundamental Scientific Library Fundamental Scientific Library 13/12/2017   AII/103110 FL0468891 13/12/2017 13/12/2017 Գրքեր / Books 30 Days Loan
    Universal Decimal Classification     General Fundamental Scientific Library Fundamental Scientific Library 17/06/2019   AII/104958 FL0587699 17/06/2019 17/06/2019 Գրքեր / Books 30 Days Loan
    Universal Decimal Classification     General Fundamental Scientific Library Fundamental Scientific Library 17/06/2019   AII/104970 FL0587711 17/06/2019 17/06/2019 Գրքեր / Books 30 Days Loan
    Universal Decimal Classification     General Fundamental Scientific Library Fundamental Scientific Library 25/02/2019   AII/104304 FL0555369 25/02/2019 25/02/2019 Գրքեր / Books 30 Days Loan


ՀՀ ԳԱԱ հիմնարար գիտական գրադարան
ՀՀ,Երևան 0019
Մարշալ Բաղրամյան 24/6
հեռախոս:(374-10) 52-47-50
Հետադարձ կապ

All site content, except where otherwise noted, is licensed under a
Creative Commons License